000 01149nam0a2200325 4500
001 RU\NLR\bibl\24391
005 20260406140557.0
010 _a5-901006-95-X
_92000
035 _a(NLR Aleph) 000023773
090 _a112634
_c112634
100 _a19990426d1999 |||y0rusy50 ca
101 1 _arus
102 _aRU
105 _a|||||||||||||
200 1 _aБиблейская цитата
_eСловарь-справочник
_fРос. акад. наук, Ин-т систем. анализа
_g[Сост. М.В. Арапов и др.]
210 _aМ.
_cЭдиториал УРСС
_d1999
215 _a223 с.
_d21
605 _aБиблия
_jСправочники
_9925493
_3RU\NLR\auth\6621240
605 _aБиблия
_2psbo
686 _aЭ37-200я2
702 1 _aАрапов
_bМ. В.
_4220
712 0 2 _4570
_aИнститут системного анализа
_cМосква
_3RU\NLR\AUTH\889919612
_9335473
801 0 _aRU
_bNLR
_c19990426
_gPSBO
801 1 _aRU
_bNLR
_c19990426
852 _aNLR
_jС К-2/7445
942 _cBOOK
980 _aNB